[Event "ch-CHN 2014"]
[Site "Xinghua CHN"]
[Date "2014.03.11"]
[Round "1.2"]
[White "Lin, Chen"]
[Black "Liu, Qingnan"]
[Result "1-0"]
[WhiteElo "2475"]
[BlackElo "2501"]
[PlyCount "49"]
[EventDate "2014.03.11"]
[SourceDate "2014.01.04"]

1. e4 d6 2. d4 g6 3. Nc3 Bg7 4. Bg5 c6 5. Qd2 h6 6. Be3 Nf6 7. h3 b5 8. a3 Nbd7
9. Nf3 Qc7 10. Be2 Bb7 11. O-O a6 12. b4 c5 13. bxc5 dxc5 14. e5 Ne4 15. Nxe4
Bxe4 16. a4 Rb8 17. axb5 axb5 18. e6 fxe6 19. Bf4 e5 20. Nxe5 Nxe5 21. Bxe5
Bxe5 22. dxe5 O-O 23. Qxh6 Qxe5 24. Rae1 Qd5 25. Bf3 1-0

[Event "ch-CHN 2014"]
[Site "Xinghua CHN"]
[Date "2014.03.11"]
[Round "1.4"]
[White "Zeng, Chongsheng"]
[Black "Zhou, Jianchao"]
[Result "1-0"]
[WhiteElo "2520"]
[BlackElo "2565"]
[PlyCount "67"]
[EventDate "2014.03.11"]
[SourceDate "2014.01.04"]

1. b3 d5 2. Bb2 Nf6 3. e3 c6 4. f4 Bg4 5. Nf3 Nbd7 6. h3 Bxf3 7. Qxf3 g6 8. g4
Bg7 9. h4 Qc7 10. c4 Rg8 11. g5 Ne4 12. Bxg7 Rxg7 13. cxd5 cxd5 14. Nc3 Nxc3
15. Rc1 Qd6 16. Rxc3 f5 17. Bb5 Kf7 18. Bxd7 Qxd7 19. h5 Qe6 20. Kf2 Rd8 21. d4
Rd6 22. Rc7 Ra6 23. a4 Rb6 24. Rb1 Qe4 25. Qxe4 fxe4 26. b4 gxh5 27. b5 a5 28.
Rh1 Kg6 29. Rd7 e6 30. Rxg7+ Kxg7 31. Rxh5 Rd6 32. Rh6 Rd7 33. Rxe6 Rc7 34. f5
1-0

[Event "ch-CHN 2014"]
[Site "Xinghua CHN"]
[Date "2014.03.11"]
[Round "1.5"]
[White "Ma, Qun"]
[Black "Zhao, Jun"]
[Result "1/2-1/2"]
[WhiteElo "2606"]
[BlackElo "2608"]
[PlyCount "59"]
[EventDate "2014.03.11"]
[SourceDate "2014.01.04"]

1. e4 e5 2. Nf3 Nc6 3. Bb5 Nf6 4. O-O Nxe4 5. Qe2 Nd6 6. Bxc6 dxc6 7. Qxe5+ Qe7
8. Qa5 Qd8 9. Qc3 f6 10. Re1+ Be7 11. Qb3 Bg4 12. Nd4 Qd7 13. Nc3 O-O-O 14. h3
Bf5 15. d3 Rhe8 16. Bf4 a6 17. Ne6 Bxe6 18. Qxe6 Nf5 19. Qxd7+ Kxd7 20. Ne2 Bd6
21. Bxd6 cxd6 22. Nf4 Re5 23. c3 Rde8 24. Kf1 Nh4 25. Rxe5 fxe5 26. Nh5 Re7 27.
Re1 Rf7 28. Ng3 Nf5 29. Nxf5 Rxf5 30. Re4 1/2-1/2

[Event "ch-CHN 2014"]
[Site "Xinghua CHN"]
[Date "2014.03.11"]
[Round "1.6"]
[White "Wen, Yang"]
[Black "Hou, Yifan"]
[Result "0-1"]
[WhiteElo "2591"]
[BlackElo "2629"]
[PlyCount "74"]
[EventDate "2014.03.11"]
[SourceDate "2014.01.04"]

1. c4 c5 2. g3 g6 3. Bg2 Bg7 4. e3 Nc6 5. Ne2 e5 6. Nbc3 Nge7 7. a3 d6 8. Rb1
a5 9. d3 O-O 10. O-O Rb8 11. Nb5 Be6 12. Nec3 d5 13. Qb3 dxc4 14. dxc4 Qd3 15.
Bd5 Nxd5 16. cxd5 Bh3 17. Qd1 Bxf1 18. Qxf1 e4 19. Qxd3 exd3 20. f4 f5 21. Bd2
Ne7 22. d6 Nc8 23. e4 Bxc3 24. Bxc3 fxe4 25. Bxa5 b6 26. Bc3 Rd8 27. Bf6 Rd7
28. Be5 Ra8 29. Nc7 Ra4 30. Nd5 Kf7 31. Kf2 Rc4 32. Nc3 Nxd6 33. b3 Rxc3 34.
Bxc3 Ke6 35. Ke3 Kd5 36. g4 Nb5 37. Bh8 Nxa3 0-1

[Event "ch-CHN 2014"]
[Site "Xinghua CHN"]
[Date "2014.03.12"]
[Round "2.1"]
[White "Xiu, Deshun"]
[Black "Hou, Yifan"]
[Result "1-0"]
[WhiteElo "2571"]
[BlackElo "2629"]
[PlyCount "103"]
[EventDate "2014.03.11"]
[SourceDate "2014.01.04"]

1. c4 c5 2. Nf3 g6 3. d4 cxd4 4. Nxd4 Nc6 5. e4 Nf6 6. Nc3 Nxd4 7. Qxd4 d6 8.
f3 Bg7 9. Be3 O-O 10. Qd2 a5 11. Na4 Nd7 12. Rd1 b6 13. Bh6 Nc5 14. Nc3 Be6 15.
h4 Bxh6 16. Qxh6 f6 17. Be2 Qe8 18. b3 Qf7 19. Rd4 Rac8 20. O-O f5 21. exf5
Qxf5 22. Qd2 Nd7 23. Re1 Rce8 24. Bd3 Qc5 25. Qe3 Ne5 26. Na4 Rxf3 27. Qe4 Qb4
28. gxf3 Bf5 29. Qd5+ e6 30. Rxe5 exd5 31. Rxe8+ Kf7 32. Re2 Bxd3 33. Rxd3 dxc4
34. Rde3 cxb3 35. axb3 b5 36. Nc3 Qxh4 37. Ne4 Kg7 38. Rd3 Qf4 39. Kg2 h5 40.
Rxd6 h4 41. Rf6 Qc1 42. Re6 h3+ 43. Kh2 Qf4+ 44. Ng3 Qxf3 45. R6e3 Qg4 46. Re7+
Kf6 47. Rb7 Qb4 48. Rb6+ Kg7 49. Ree6 Qg4 50. Re7+ Kh6 51. Re5 b4 52. Nf5+ 1-0

[Event "ch-CHN 2014"]
[Site "Xinghua CHN"]
[Date "2014.03.12"]
[Round "2.2"]
[White "Zhao, Jun"]
[Black "Wen, Yang"]
[Result "1/2-1/2"]
[WhiteElo "2608"]
[BlackElo "2591"]
[PlyCount "61"]
[EventDate "2014.03.11"]
[SourceDate "2014.01.04"]

1. e4 c5 2. Nf3 d6 3. Bb5+ Bd7 4. Bxd7+ Qxd7 5. O-O Nc6 6. c3 Nf6 7. Qe2 e6 8.
d4 cxd4 9. cxd4 d5 10. e5 Ne4 11. Nbd2 Nxd2 12. Bxd2 Be7 13. Rac1 O-O 14. a3
Rac8 15. Rc2 a6 16. Qd3 Na7 17. Rfc1 Rxc2 18. Rxc2 Rc8 19. Ne1 Rxc2 20. Nxc2 h5
21. Kf1 Qb5 22. Qxb5 Nxb5 23. Ke2 Na7 24. Kd3 Nc6 25. f4 f5 26. Ne1 Kf7 27. Nf3
g6 28. h4 Ke8 29. g3 Kd7 30. Ne1 b5 31. b4 1/2-1/2

[Event "ch-CHN 2014"]
[Site "Xinghua CHN"]
[Date "2014.03.12"]
[Round "2.3"]
[White "Zhou, Jianchao"]
[Black "Ma, Qun"]
[Result "1/2-1/2"]
[WhiteElo "2565"]
[BlackElo "2606"]
[PlyCount "84"]
[EventDate "2014.03.11"]
[SourceDate "2014.01.04"]

1. Nf3 d5 2. d4 c6 3. Bf4 Bf5 4. e3 e6 5. c4 Bxb1 6. Rxb1 Nf6 7. c5 Nh5 8. Be5
Nd7 9. b4 Nhf6 10. Bd3 Nxe5 11. Nxe5 Nd7 12. Nxd7 Qxd7 13. b5 Be7 14. bxc6 bxc6
15. Ba6 O-O 16. Rb7 Qe8 17. O-O e5 18. Re1 Bf6 19. e4 dxe4 20. d5 cxd5 21. Qxd5
Qa4 22. Rxf7 Rad8 23. Qb3 Qxb3 24. Rxf8+ Kxf8 25. axb3 Ke7 26. Rxe4 Rd1+ 27.
Bf1 Rb1 28. b4 Ke6 29. Rc4 Bd8 30. h4 g6 31. g3 Kd5 32. Rg4 a5 33. bxa5 Bxa5
34. Ra4 Bb4 35. Ra7 Bxc5 36. Rxh7 e4 37. h5 gxh5 38. Rxh5+ Kd6 39. Rf5 e3 40.
fxe3 Bxe3+ 41. Kg2 Rb2+ 42. Kh3 Rf2 1/2-1/2

[Event "ch-CHN 2014"]
[Site "Xinghua CHN"]
[Date "2014.03.12"]
[Round "2.5"]
[White "Liu, Qingnan"]
[Black "Yu, Yangyi"]
[Result "0-1"]
[WhiteElo "2501"]
[BlackElo "2664"]
[PlyCount "110"]
[EventDate "2014.03.11"]
[SourceDate "2014.01.04"]

1. e4 c5 2. Nf3 Nc6 3. d4 cxd4 4. Nxd4 e6 5. Nc3 Qc7 6. g3 a6 7. Bg2 Nf6 8. O-O
h5 9. Nf3 d6 10. a4 Be7 11. Bg5 Bd7 12. Qd2 O-O 13. Rfd1 Rfd8 14. Bxf6 Bxf6 15.
Qxd6 Qa5 16. Qd2 Be8 17. Qe1 Ne5 18. Qe2 Rac8 19. Rxd8 Rxd8 20. Nd1 Bb5 21. Qe3
Qxa4 22. Rc1 Nc4 23. b3 Qa1 24. Rxa1 Nxe3 25. e5 Nxc2 26. Rc1 Be7 27. Nc3 Bd3
28. Nd2 b5 29. Nce4 Ba3 30. Rd1 Nd4 31. Nf3 Bxe4 32. Rxd4 Bd5 33. Nh4 Bb2 34.
Rd2 Bc3 35. Rd3 Bxe5 36. Nf5 Bf6 37. Bxd5 exd5 38. Ne3 d4 39. Nc2 Rc8 40. Nb4
Rc3 41. Rxc3 dxc3 42. Kf1 a5 43. Nc2 b4 44. Na1 Kh7 45. Ke2 Kg6 46. Kd3 Kf5 47.
f3 Bd8 48. Nc2 Bb6 49. Kc4 Bg1 50. h3 Bf2 51. g4+ Kf4 52. gxh5 Kxf3 53. Kb5 Ke2
54. Kxa5 Bc5 55. Kb5 Kd2 0-1

[Event "ch-CHN 2014"]
[Site "Xinghua CHN"]
[Date "2014.03.13"]
[Round "3.1"]
[White "Lin, Chen"]
[Black "Xiu, Deshun"]
[Result "1-0"]
[WhiteElo "2475"]
[BlackElo "2571"]
[PlyCount "113"]
[EventDate "2014.03.11"]
[SourceDate "2014.01.04"]

1. e4 e5 2. Nf3 Nc6 3. Bb5 a6 4. Ba4 Nf6 5. d3 Bc5 6. O-O b5 7. Bb3 d6 8. c3 h6
9. a4 Rb8 10. axb5 axb5 11. Be3 O-O 12. Nbd2 Bb6 13. Bxb6 Rxb6 14. Re1 Ne7 15.
d4 Ng6 16. Nf1 Bd7 17. Ng3 Qc8 18. Qd2 Re8 19. Ra7 Ra6 20. Ra1 Rxa1+ 21. Rxa1
Qb7 22. dxe5 dxe5 23. Nh5 c5 24. Nxf6+ gxf6 25. Bd5 Bc6 26. Bxc6 Qxc6 27. Qe3
Rd8 28. g3 c4 29. h4 h5 30. Ne1 Kg7 31. Qe2 Qe6 32. Qxh5 Rd2 33. Ng2 Rd3 34.
Ne3 Rxe3 35. fxe3 Qh3 36. Qf3 Nxh4 37. Qf2 Qg4 38. Rf1 Kg8 39. Kh2 Ng6 40. Qxf6
Qd7 41. Qf5 Qa7 42. Kg2 Kg7 43. Qf6+ Kg8 44. Qc6 Kg7 45. Qxb5 Qc7 46. Qa6 Kg8
47. Qf6 Qb7 48. Kh3 Qd7+ 49. Qf5 Qb7 50. Rd1 Qe7 51. Rd7 Qe8 52. Rc7 Kg7 53.
Qc8 Qa4 54. Qd7 Qa1 55. Qxf7+ Kh6 56. Qf3 Qxb2 57. Rc6 1-0

[Event "ch-CHN 2014"]
[Site "Xinghua CHN"]
[Date "2014.03.13"]
[Round "3.3"]
[White "Zeng, Chongsheng"]
[Black "Liu, Qingnan"]
[Result "1-0"]
[WhiteElo "2520"]
[BlackElo "2501"]
[PlyCount "83"]
[EventDate "2014.03.11"]
[SourceDate "2014.01.04"]

1. b3 d5 2. Bb2 e6 3. e3 Nf6 4. f4 Bd6 5. Nf3 Nbd7 6. Ne5 h5 7. Qf3 Rh6 8. Bd3
Nc5 9. Be2 Qe7 10. Nc3 c6 11. O-O-O a5 12. a4 Bd7 13. d3 O-O-O 14. g3 Be8 15.
h3 Ncd7 16. Nb1 Rh7 17. Qg2 Ng8 18. d4 g5 19. Bc3 Nxe5 20. fxe5 Bb4 21. Bd3 Rg7
22. Bb2 Qc7 23. Rhf1 Be7 24. e4 dxe4 25. Qxe4 c5 26. Bb5 Bxb5 27. axb5 cxd4 28.
Bxd4 g4 29. Rd3 Bb4 30. Rfd1 Ne7 31. Bb6 Qxb6 32. Rxd8+ Qxd8 33. Rxd8+ Kxd8 34.
hxg4 Kc7 35. Qc4+ Kb6 36. Nc3 Rxg4 37. Na4+ Ka7 38. b6+ Ka8 39. Qc7 Rg8 40. c3
Ba3+ 41. Kb1 Rf8 42. Nc5 1-0

[Event "ch-CHN 2014"]
[Site "Xinghua CHN"]
[Date "2014.03.13"]
[Round "3.5"]
[White "Wen, Yang"]
[Black "Zhou, Jianchao"]
[Result "1-0"]
[WhiteElo "2591"]
[BlackElo "2565"]
[PlyCount "69"]
[EventDate "2014.03.11"]
[SourceDate "2014.01.04"]

1. c4 c5 2. Nc3 g6 3. g3 Bg7 4. Bg2 Nc6 5. Nf3 d6 6. O-O e5 7. a3 a5 8. Ne1
Nge7 9. Nc2 h5 10. d3 h4 11. Ne3 hxg3 12. fxg3 O-O 13. Rb1 f5 14. Ned5 Nxd5 15.
Nxd5 a4 16. Be3 Be6 17. Nc3 Qa5 18. Bd2 Qa7 19. Bg5 Rf7 20. e3 Kh7 21. g4 Kg8
22. gxf5 gxf5 23. Qh5 Qb8 24. Ne4 Qf8 25. Qg6 Re8 26. Nf6+ Rxf6 27. Bxf6 Qf7
28. Qxf7+ Kxf7 29. Bxg7 Kxg7 30. b3 e4 31. bxa4 Na5 32. dxe4 fxe4 33. Rf4 Re7
34. Bxe4 Bxc4 35. Kf2 1-0

[Event "ch-CHN 2014"]
[Site "Xinghua CHN"]
[Date "2014.03.13"]
[Round "3.6"]
[White "Hou, Yifan"]
[Black "Zhao, Jun"]
[Result "0-1"]
[WhiteElo "2629"]
[BlackElo "2608"]
[PlyCount "120"]
[EventDate "2014.03.11"]
[SourceDate "2014.01.04"]

1. e4 e6 2. d4 d5 3. Nc3 Bb4 4. exd5 exd5 5. Bd3 c6 6. h3 Nf6 7. Bg5 O-O 8. Qf3
Bxc3+ 9. bxc3 Qe8+ 10. Ne2 Ne4 11. Bc1 f5 12. O-O Qf7 13. h4 Nd7 14. Qf4 Ndf6
15. f3 Nh5 16. Qh2 Nef6 17. a4 b6 18. a5 b5 19. Ba3 Re8 20. Bd6 Be6 21. Rae1
Qd7 22. Nc1 Bf7 23. Be5 Bg6 24. Nb3 Re7 25. Nc5 Qe8 26. Kf2 Qf7 27. Kg1 Rae8
28. Rd1 f4 29. Bxf4 Nxf4 30. Qxf4 Nh5 31. Qxf7+ Kxf7 32. Rf2 Nf4 33. Bf1 Re1
34. Rxe1 Rxe1 35. Nd7 Ke7 36. Ne5 Kd6 37. Kh2 Bxc2 38. Nf7+ Ke7 39. Ne5 Kd6 40.
Nf7+ Kc7 41. g3 Nd3 42. Rxc2 Rxf1 43. Ng5 Rf2+ 44. Rxf2 Nxf2 45. Nxh7 Nd1 46.
Ng5 Kd7 47. f4 Nxc3 48. f5 b4 49. Ne6 Ne4 50. Nf4 b3 51. Nd3 Ke7 52. Kg2 Nd6
53. g4 Nc4 54. Kf3 Nxa5 55. g5 Nc4 56. h5 b2 57. Nxb2 Nxb2 58. Kg4 Nc4 59. f6+
gxf6 60. g6 Nd6 0-1

[Event "ch-CHN 2014"]
[Site "Xinghua CHN"]
[Date "2014.03.14"]
[Round "4.1"]
[White "Xiu, Deshun"]
[Black "Zhao, Jun"]
[Result "1/2-1/2"]
[WhiteElo "2571"]
[BlackElo "2608"]
[PlyCount "49"]
[EventDate "2014.03.11"]
[SourceDate "2014.01.04"]

1. Nf3 Nf6 2. c4 e6 3. Nc3 b6 4. d4 Bb4 5. e3 Bb7 6. Bd3 Ne4 7. O-O Nxc3 8.
bxc3 Bxc3 9. Rb1 c5 10. Rb3 Ba5 11. e4 d6 12. d5 e5 13. Ng5 h6 14. Nh3 Nd7 15.
f4 Qe7 16. f5 O-O-O 17. Bc2 Kb8 18. Rg3 Rdg8 19. Ba4 Nf6 20. Qe2 Bc8 21. Qf3
Ba6 22. Qd3 Bc8 23. Qf3 Ba6 24. Qd3 Bc8 25. Qf3 1/2-1/2

[Event "ch-CHN 2014"]
[Site "Xinghua CHN"]
[Date "2014.03.14"]
[Round "4.2"]
[White "Zhou, Jianchao"]
[Black "Hou, Yifan"]
[Result "1/2-1/2"]
[WhiteElo "2565"]
[BlackElo "2629"]
[PlyCount "72"]
[EventDate "2014.03.11"]
[SourceDate "2014.01.04"]

1. Nf3 Nf6 2. c4 e6 3. Nc3 d5 4. d4 Bb4 5. Bg5 Nbd7 6. e3 c5 7. cxd5 exd5 8.
dxc5 Qa5 9. Rc1 Bxc3+ 10. bxc3 O-O 11. Nd4 Qxc5 12. Bf4 Nb6 13. Nb5 Bg4 14. Qd4
Rfc8 15. Be5 Bd7 16. Qxc5 Rxc5 17. Nd4 Re8 18. Nb3 Rc6 19. Bd4 Nc4 20. Bxf6
Rxf6 21. Bxc4 dxc4 22. Nd4 Bf5 23. Nxf5 Rxf5 24. Ke2 Ra5 25. Rc2 Rd8 26. Rb1 b6
27. Rb4 Rc5 28. a4 f5 29. Rd2 Rxd2+ 30. Kxd2 Kf7 31. e4 fxe4 32. Ke3 Ke6 33.
Kxe4 Re5+ 34. Kf4 Rf5+ 35. Ke3 Re5+ 36. Kf4 Rf5+ 1/2-1/2

[Event "ch-CHN 2014"]
[Site "Xinghua CHN"]
[Date "2014.03.14"]
[Round "4.4"]
[White "Liu, Qingnan"]
[Black "Ma, Qun"]
[Result "1/2-1/2"]
[WhiteElo "2501"]
[BlackElo "2606"]
[PlyCount "187"]
[EventDate "2014.03.11"]
[SourceDate "2014.01.04"]

1. e4 e5 2. Nf3 Nc6 3. Bb5 Nf6 4. d3 d6 5. c3 Bd7 6. O-O g6 7. Re1 Bg7 8. Nbd2
O-O 9. Nf1 Qe8 10. Bxc6 Bxc6 11. Ng3 Qe7 12. b3 Rfe8 13. h3 Rad8 14. c4 Bd7 15.
Be3 h6 16. Qd2 Kh7 17. d4 b6 18. Qc2 c5 19. dxe5 dxe5 20. Bd2 Bc8 21. Bc3 Nd7
22. Nf1 Nb8 23. Ne3 Nc6 24. Nd5 Qb7 25. Rac1 Be6 26. Nh4 Nd4 27. Qd3 Rd7 28. b4
Qc8 29. bxc5 bxc5 30. Bxd4 cxd4 31. Nf3 Qa6 32. Nb4 Qa4 33. Qb3 Qa5 34. Nd5 Rc8
35. Rb1 Rdd8 36. a3 Rd6 37. Rec1 Rdc6 38. Qd3 Rd6 39. Rb7 Rd7 40. Rxd7 Bxd7 41.
Nd2 Be6 42. Rb1 Bf8 43. Rb7 Qa6 44. Qb3 Qxa3 45. Qxa3 Bxa3 46. Nc7 Bd7 47. Nd5
Be6 48. Nc7 Kg8 49. Nxe6 fxe6 50. Rxa7 Bb4 51. Nf3 Rxc4 52. Rd7 Rc5 53. Kf1 Kf8
54. Ke2 Ke8 55. Rb7 Ba5 56. g4 g5 57. Ra7 Rc2+ 58. Kf1 Rc1+ 59. Ke2 Rc2+ 60.
Kf1 Bc7 61. Ne1 Rc3 62. Ke2 Ke7 63. Nd3 Kf6 64. Kd2 Bd6 65. Ra6 Be7 66. Ra5 Rc7
67. Kd1 Rb7 68. Kc2 Bb4 69. Ra6 Bc3 70. Nc5 Rb2+ 71. Kd3 Rxf2 72. Rxe6+ Kg7 73.
Rxe5 Rf3+ 74. Kc4 Rxh3 75. Re7+ Kg6 76. Re6+ Kf7 77. e5 h5 78. Rf6+ Ke7 79. Rg6
hxg4 80. Rxg5 Re3 81. Rg7+ Kf8 82. Rxg4 Kf7 83. Rf4+ Ke7 84. Rf5 Rh3 85. Rg5
Kf7 86. Rf5+ Ke7 87. Rf2 Re3 88. Nd3 Ba5 89. Ra2 Bc7 90. Ra7 Kd8 91. Ra8+ Ke7
92. Kxd4 Rxd3+ 93. Kxd3 Bxe5 94. Ra1 1/2-1/2

[Event "ch-CHN 2014"]
[Site "Xinghua CHN"]
[Date "2014.03.14"]
[Round "4.6"]
[White "Lin, Chen"]
[Black "Yu, Yangyi"]
[Result "1/2-1/2"]
[WhiteElo "2475"]
[BlackElo "2664"]
[PlyCount "66"]
[EventDate "2014.03.11"]
[SourceDate "2014.01.04"]

1. e4 c5 2. Nf3 Nc6 3. Nc3 d6 4. Bb5 e5 5. d3 Be7 6. Bc4 Nf6 7. Bg5 Nd4 8. Bxf6
Bxf6 9. Nxd4 cxd4 10. Nd5 O-O 11. O-O Bg5 12. f4 exf4 13. Nxf4 Bxf4 14. Rxf4
Be6 15. Bb3 Qa5 16. Qe1 Qxe1+ 17. Rxe1 Rac8 18. Bxe6 fxe6 19. Rxf8+ Kxf8 20.
Rc1 Ke7 21. Kf2 Rc5 22. Ke2 Rb5 23. Rb1 Rg5 24. Rg1 h5 25. h4 Rg4 26. g3 g5 27.
hxg5 Rxg5 28. Rh1 Rb5 29. b4 Kf6 30. Rb1 Rg5 31. Rf1+ Kg7 32. Kf3 Rg6 33. Rc1
Kf6 1/2-1/2

[Event "ch-CHN 2014"]
[Site "Xinghua CHN"]
[Date "2014.03.15"]
[Round "5.1"]
[White "Yu, Yangyi"]
[Black "Xiu, Deshun"]
[Result "1/2-1/2"]
[WhiteElo "2664"]
[BlackElo "2571"]
[PlyCount "137"]
[EventDate "2014.03.11"]
[SourceDate "2014.01.04"]

1. e4 e5 2. Nf3 Nc6 3. d4 exd4 4. Nxd4 Nf6 5. Nxc6 bxc6 6. e5 Qe7 7. Qe2 Nd5 8.
c4 Nb6 9. b3 a5 10. Ba3 Qg5 11. Bxf8 Qc1+ 12. Qd1 Qxd1+ 13. Kxd1 Kxf8 14. Nc3
d6 15. exd6 cxd6 16. Bd3 Be6 17. Kc2 a4 18. Rhe1 g6 19. Ne4 Ke7 20. Ng5 Kf6 21.
f4 c5 22. Ne4+ Ke7 23. Nc3 axb3+ 24. axb3 Rxa1 25. Rxa1 Ra8 26. Re1 Kf6 27. Kb2
Rb8 28. Ne4+ Ke7 29. Kc3 h6 30. g4 Bxg4 31. Nxc5+ Kf8 32. Na4 Nd7 33. b4 g5 34.
Rg1 Nf6 35. fxg5 hxg5 36. b5 Ke7 37. Kb4 Rh8 38. Rg2 Bf3 39. Rxg5 Rxh2 40. Nb6
Bb7 41. Rg1 Rh3 42. Bf5 Rh4 43. Ra1 Kd8 44. Ra7 Kc7 45. Bc8 Nd5+ 46. Nxd5+ Kxc8
47. Ka5 Bxd5 48. cxd5 Rh5 49. Kb6 Rxd5 50. Rc7+ Kd8 51. Rxf7 Kc8 52. Rc7+ Kb8
53. Rb7+ Kc8 54. Rc7+ Kb8 55. Rh7 Kc8 56. Ka6 Rd1 57. Rh8+ Kd7 58. b6 Ra1+ 59.
Kb7 d5 60. Rh6 d4 61. Rh4 Ra4 62. Kb8 Kc6 63. b7 Rb4 64. Rh6+ Kc5 65. Kc7 Rxb7+
66. Kxb7 d3 67. Kc7 Kd4 68. Rd6+ Kc3 69. Rxd3+ 1/2-1/2

[Event "ch-CHN 2014"]
[Site "Xinghua CHN"]
[Date "2014.03.15"]
[Round "5.2"]
[White "Zeng, Chongsheng"]
[Black "Lin, Chen"]
[Result "1/2-1/2"]
[WhiteElo "2520"]
[BlackElo "2475"]
[PlyCount "60"]
[EventDate "2014.03.11"]
[SourceDate "2014.01.04"]

1. b3 e5 2. Bb2 Nc6 3. e3 Nf6 4. Bb5 Bd6 5. Na3 a6 6. Bxc6 dxc6 7. Nc4 Qe7 8.
Ne2 b5 9. Nxd6+ cxd6 10. a4 b4 11. O-O c5 12. Ng3 Nd5 13. f4 f6 14. Qf3 Be6 15.
d4 cxd4 16. fxe5 dxe5 17. exd4 O-O 18. c4 bxc3 19. Ba3 Nb4 20. Qxc3 a5 21. dxe5
Qa7+ 22. Kh1 Rac8 23. Qe1 Nc2 24. Qe2 Nxa3 25. exf6 Rfe8 26. Rxa3 Bc4 27. bxc4
Rxe2 28. f7+ Kf8 29. Nxe2 Qe7 30. Ra2 Qe4 1/2-1/2

[Event "ch-CHN 2014"]
[Site "Xinghua CHN"]
[Date "2014.03.15"]
[Round "5.4"]
[White "Wen, Yang"]
[Black "Liu, Qingnan"]
[Result "1-0"]
[WhiteElo "2591"]
[BlackElo "2501"]
[PlyCount "95"]
[EventDate "2014.03.11"]
[SourceDate "2014.01.04"]

1. d4 Nf6 2. c4 e6 3. g3 d5 4. Nf3 Be7 5. Bg2 O-O 6. O-O dxc4 7. Qc2 a6 8. a4
Bd7 9. Qxc4 Bc6 10. Bg5 Bd5 11. Qc2 Be4 12. Qd1 h6 13. Bxf6 Bxf6 14. Nc3 Bxf3
15. Bxf3 c6 16. Qb3 Qc7 17. Rfd1 Rd8 18. Ne4 Be7 19. a5 Nd7 20. e3 Nf6 21. Nd2
Ne8 22. Nc4 Nd6 23. Nb6 Rab8 24. Rac1 Nc8 25. d5 exd5 26. Rxd5 Nxb6 27. axb6
Qc8 28. Rxd8+ Qxd8 29. Rd1 Qe8 30. Rd4 Bc5 31. Re4 Qd7 32. Be2 Qd5 33. Qc2 Rd8
34. b4 Bd6 35. h4 c5 36. Bc4 Qh5 37. bxc5 Qxc5 38. Qb3 Qf5 39. Rd4 Qf6 40. Kg2
g5 41. Bd5 Rd7 42. Qc4 Kg7 43. hxg5 hxg5 44. Bf3 Re7 45. Qc8 Be5 46. Rd8 Bb2
47. Rh8 Kg6 48. Bh5+ 1-0

[Event "ch-CHN 2014"]
[Site "Xinghua CHN"]
[Date "2014.03.15"]
[Round "5.6"]
[White "Zhao, Jun"]
[Black "Zhou, Jianchao"]
[Result "1/2-1/2"]
[WhiteElo "2608"]
[BlackElo "2565"]
[PlyCount "162"]
[EventDate "2014.03.11"]
[SourceDate "2014.01.04"]

1. e4 c5 2. Nf3 d6 3. Bb5+ Nd7 4. O-O a6 5. Bd3 Ngf6 6. c3 b5 7. Bc2 Bb7 8. Re1
c4 9. a4 e5 10. axb5 axb5 11. Rxa8 Qxa8 12. Na3 Ba6 13. d3 h6 14. dxc4 bxc4 15.
Nd2 Qc8 16. Nf1 Be7 17. Ne3 g6 18. Nd5 Nxd5 19. Qxd5 Nf6 20. Ba4+ Kf8 21. Qc6
Kg7 22. f3 Qxc6 23. Bxc6 Rc8 24. Ba4 Rc5 25. Be3 Rc8 26. Rd1 Bb7 27. Bb5 d5 28.
exd5 Bxd5 29. Bf2 Rb8 30. Bxc4 Bxa3 31. Bxd5 Rxb2 32. Bc4 Rc2 33. Be1 Bc5+ 34.
Kf1 e4 35. Be2 exf3 36. Bxf3 h5 37. Bd2 Bd6 38. Ke2 Bxh2 39. Kd3 Ra2 40. Rb1
Nd7 41. Bd5 Ne5+ 42. Ke2 Ra5 43. c4 Ra2 44. Kd1 Ra7 45. Be3 Rd7 46. Kc2 Ng4 47.
Bb6 Bc7 48. Bg1 Be5 49. Kb3 Nf6 50. Bf3 g5 51. Kb4 g4 52. Bc6 Rd8 53. Re1 Bg3
54. Re2 h4 55. Kc5 Rd1 56. Bd4 Bd6+ 57. Kxd6 Rxd4+ 58. Kc5 Rf4 59. Kb5 g3 60.
c5 Rf2 61. Re1 Rb2+ 62. Kc4 Ng4 63. Kc3 Rb8 64. Bf3 f5 65. c6 Kf6 66. Kd4 Rd8+
67. Bd5 f4 68. Kc5 Ne3 69. Bf3 Rd2 70. Rc1 Ke7 71. Kb6 Rb2+ 72. Ka7 Kd8 73. c7+
Kc8 74. Rc5 h3 75. gxh3 g2 76. Rc1 Ra2+ 77. Kb6 Nc4+ 78. Kb5 Rf2 79. Bd5 Kxc7
80. Rxc4+ Kd6 81. Bxg2 Rxg2 1/2-1/2

[Event "ch-CHN 2014"]
[Site "Xinghua CHN"]
[Date "2014.03.17"]
[Round "6.1"]
[White "Xiu, Deshun"]
[Black "Zhou, Jianchao"]
[Result "0-1"]
[WhiteElo "2571"]
[BlackElo "2565"]
[PlyCount "62"]
[EventDate "2014.03.11"]
[SourceDate "2014.01.04"]

1. Nf3 Nf6 2. c4 c5 3. Nc3 d5 4. cxd5 Nxd5 5. g3 Nc6 6. Bg2 Nc7 7. O-O e5 8. a3
Rb8 9. d3 Be7 10. Nd2 Bd7 11. Nc4 f6 12. f4 b5 13. Ne3 exf4 14. Ned5 fxg3 15.
Bf4 gxh2+ 16. Kh1 Nxd5 17. Bxd5 b4 18. Ne4 Rb6 19. e3 Bc8 20. Ba2 f5 21. Ng3
Bb7 22. Kxh2 b3 23. Bxb3 Qd7 24. Rf2 h5 25. e4 g5 26. Nxf5 gxf4 27. Be6 Qc7 28.
Rc1 Ne5 29. Ng7+ Kf8 30. Rg2 f3 31. Rg3 Ng4+ 0-1

[Event "ch-CHN 2014"]
[Site "Xinghua CHN"]
[Date "2014.03.17"]
[Round "6.3"]
[White "Liu, Qingnan"]
[Black "Hou, Yifan"]
[Result "1/2-1/2"]
[WhiteElo "2501"]
[BlackElo "2629"]
[PlyCount "106"]
[EventDate "2014.03.11"]
[SourceDate "2014.01.04"]

1. e4 c5 2. Nf3 Nc6 3. d4 cxd4 4. Nxd4 Nf6 5. Nc3 d6 6. Bc4 e6 7. Be3 a6 8. Bb3
Qc7 9. Qe2 b5 10. O-O-O Na5 11. Bg5 Be7 12. f4 Nxb3+ 13. axb3 b4 14. Na4 h6 15.
Bh4 Bb7 16. f5 Nxe4 17. Bxe7 Qxe7 18. fxe6 O-O 19. Nb6 Rad8 20. Qg4 fxe6 21.
Qxe6+ Qxe6 22. Nxe6 Nf2 23. Nxd8 Rxd8 24. Rhg1 Nxd1 25. Kxd1 Rf8 26. Nc4 Be4
27. Nd2 Bc6 28. Ke1 Re8+ 29. Kd1 Rf8 30. Ke1 Re8+ 31. Kf2 Rf8+ 32. Kg3 Rf5 33.
Nc4 d5 34. Ne3 Re5 35. Kf2 d4 36. Nc4 Rh5 37. Nd2 Rxh2 38. Nf3 Bxf3 39. Kxf3
Rh5 40. Ke4 Rh4+ 41. Kf3 g5 42. Ra1 Rf4+ 43. Ke2 Re4+ 44. Kf2 Re6 45. Rd1 Rc6
46. Rd2 Kf7 47. Kf3 Rf6+ 48. Ke2 Rf4 49. g3 Re4+ 50. Kf3 Re3+ 51. Kf2 Re4 52.
Kf3 Re3+ 53. Kf2 Re4 1/2-1/2

[Event "ch-CHN 2014"]
[Site "Xinghua CHN"]
[Date "2014.03.17"]
[Round "6.5"]
[White "Lin, Chen"]
[Black "Ma, Qun"]
[Result "1/2-1/2"]
[WhiteElo "2475"]
[BlackElo "2606"]
[PlyCount "110"]
[EventDate "2014.03.11"]
[SourceDate "2014.01.04"]

1. e4 c5 2. Nf3 Nc6 3. c3 Nf6 4. e5 Nd5 5. d4 cxd4 6. Bc4 Nb6 7. Bb3 d5 8. exd6
Qxd6 9. O-O Be6 10. Bxe6 Qxe6 11. Nxd4 Nxd4 12. Qxd4 Rd8 13. Qh4 h5 14. h3 Qc4
15. Qxc4 Nxc4 16. b3 Ne5 17. Be3 Nc6 18. Na3 e6 19. Nb5 a6 20. Nd4 Nxd4 21.
Bxd4 h4 22. Rfd1 Rh5 23. Bb6 Rd7 24. Kf1 Bc5 25. Rxd7 Kxd7 26. Rd1+ Kc6 27.
Bxc5 Rxc5 28. Rd3 Ra5 29. Rd2 Re5 30. Rd4 g5 31. Rc4+ Kd6 32. a4 a5 33. f3 b5
34. Rd4+ Kc6 35. Rd8 bxa4 36. bxa4 Kc5 37. Rf8 Rf5 38. Rc8+ Kd6 39. Rd8+ Ke5
40. Rc8 Kd6 41. Rd8+ Ke7 42. Ra8 Rc5 43. Ke2 Kf6 44. Kd3 Ke5 45. c4 f5 46. Rg8
Rc7 47. Rxg5 Rb7 48. Rh5 Rb3+ 49. Kc2 Ra3 50. Rxh4 Rxa4 51. Kb3 Ra1 52. g4 Rf1
53. gxf5 Rxf3+ 54. Ka4 exf5 55. Kxa5 Rb3 1/2-1/2

[Event "ch-CHN 2014"]
[Site "Xinghua CHN"]
[Date "2014.03.17"]
[Round "6.6"]
[White "Yu, Yangyi"]
[Black "Zeng, Chongsheng"]
[Result "1-0"]
[WhiteElo "2664"]
[BlackElo "2520"]
[PlyCount "141"]
[EventDate "2014.03.11"]
[SourceDate "2014.01.04"]

1. e4 c5 2. Nf3 e6 3. d4 cxd4 4. Nxd4 Qb6 5. Nb3 Qc7 6. Bd3 Nf6 7. Nc3 a6 8.
O-O b5 9. Qe2 Bb7 10. Bg5 Bd6 11. h3 b4 12. Na4 Bc6 13. Nac5 a5 14. Rae1 e5 15.
Bxf6 gxf6 16. Na6 Nxa6 17. Bxa6 Rg8 18. Bc4 Rg7 19. Bd5 Bxd5 20. exd5 Kf8 21.
Qe4 Rc8 22. c3 a4 23. Nd2 a3 24. c4 axb2 25. Rb1 Bc5 26. Rxb2 Bd4 27. Rc2 Bc3
28. Qf5 Bxd2 29. Rxd2 Qd6 30. Rc1 Rg6 31. Qc2 Qc5 32. Qa4 d6 33. Rb2 Rg3 34.
Qxb4 Qxb4 35. Rxb4 Rd3 36. Rcb1 Rd4 37. Rb6 Rdxc4 38. Rxd6 f5 39. Rf6 f4 40.
Rf5 Rc1+ 41. Rxc1 Rxc1+ 42. Kh2 Re1 43. d6 Ke8 44. f3 h6 45. h4 Re2 46. a4 Kd7
47. Rf6 h5 48. a5 Ra2 49. Rxf7+ Kxd6 50. a6 Ke6 51. Rh7 e4 52. fxe4 f3 53. Rxh5
Rxg2+ 54. Kh3 Ra2 55. Kg3 f2 56. Kg2 Kf6 57. Rf5+ Kg6 58. Rxf2 Rxa6 59. Kg3
Ra3+ 60. Rf3 Ra1 61. Rf5 Rg1+ 62. Kf4 Ra1 63. Rg5+ Kf6 64. e5+ Kf7 65. Rf5+ Ke7
66. h5 Rg1 67. h6 Ke6 68. Rf6+ Ke7 69. h7 Rf1+ 70. Kg5 Rg1+ 71. Kh6 1-0